000
00330nam a2200145Ia 4500
008
090124s9999 xx 000 0 und d
082
_b
203045
245
_a
FOLK TALES OF INDIA
250
_a
2
260
_b
I.C.R
_c
1986
300
_a
88
630
_a
FOLK TALES OF INDIA
730
_a
FOLK TALES OF INDIA
942
_c
BOOK
999
_c
184626
_d
184626